|
|
|
|
| LEADER |
00000nam a2200000 a 4500 |
| 001 |
vtls001464606 |
| 003 |
SK-MaSNL |
| 005 |
20260301163339.0 |
| 008 |
240226s2003 xo ab r slo |
| 015 |
|
|
|a SNBA2003/12-05048
|
| 020 |
|
|
|a 8010002720
|
| 035 |
|
|
|a SNK000419911
|
| 035 |
|
|
|a urn:nbn:sk:snk-amygwv
|
| 035 |
|
|
|a urn:nbn:sk:snk-am00cl97
|
| 035 |
|
|
|a 0287EBFA-9841-4229-822F-973E2B557201
|
| 040 |
|
|
|a SNK
|b slo
|c SNK
|e AACR2
|
| 041 |
0 |
|
|a slo
|
| 044 |
|
|
|a xo
|c SK
|
| 072 |
|
7 |
|a 94(100)
|2 konspekt
|
| 072 |
|
7 |
|a 929
|2 konspekt
|
| 080 |
|
|
|a 94(100)"1789/1914"
|2 2. slo
|
| 080 |
|
|
|a 94(100)"1789/1914"
|2 1981
|
| 080 |
|
|
|a 929
|2 1981
|
| 080 |
|
|
|a (084.11)
|2 1981
|
| 110 |
0 |
|
|a Larousse
|4 aut
|9 286990
|
| 240 |
1 |
0 |
|a Ils ont fait l'histoire du monde: De la Révolution á la Belle Époque
|l Slovensky
|
| 245 |
1 |
0 |
|a Tvorcovia svetových dejín
|b od Francúzskej revolúcie po začiatok 20. storočia : od r. 1789 po r. 1914
|c Larousse ; [editori: Carl Aderhold ... [et al.] ; autori textov: Christophe Badel ... [et al.] ; z francúzskeho originálu preložili Jozef Valachovič, Zuzana Sabóová, Zora Sadloňová ; ikonografia Laurence Vacherová ... [et al.]]
|
| 250 |
|
|
|a 1. vyd.
|
| 260 |
|
|
|a Bratislava
|b Slovenské pedagogické nakladateľstvo
|c c2003
|
| 300 |
|
|
|a 327 s.
|b fotogr. (prevažne fareb.), ilustr., mp.
|c 29 cm
|
| 504 |
|
|
|a Reg. miestnych náz., mien národov a osobných mien
|
| 650 |
0 |
7 |
|a svetové dejiny
|y r. 1789-1914
|2 SNK
|9 529194
|
| 650 |
0 |
7 |
|a osobnosti
|2 SNK
|9 29820
|
| 655 |
|
7 |
|a obrazové publikácie
|2 SNK
|9 70343
|
| 700 |
1 |
|
|a Aderhold, Carl
|4 edt
|9 429869
|
| 700 |
1 |
|
|a Badel, Christophe,
|d 1958-
|4 aut
|9 67870
|
| 700 |
1 |
|
|a Vacherová, Laurence
|4 pht
|9 529195
|
| 700 |
1 |
|
|a Valachovič, Jozef
|4 trl
|9 529196
|
| 700 |
1 |
|
|a Sabóová, Zuzana
|4 trl
|9 529197
|
| 700 |
1 |
|
|a Sadloňová, Zora,
|d 1954-
|4 trl
|9 100903
|
| 919 |
|
|
|a 80-10-00272-0
|
| 958 |
|
|
|a OP
|
| 958 |
|
|
|a NS
|
| 968 |
|
|
|b FR
|d 93/94
|
| 999 |
|
|
|c 816745
|d 818675
|
| 952 |
|
|
|t P60, <03>, [BOOK], {603}
|a SNK
|b SNK
|y PREZ
|7 0
|p 17A0405300
|o snkSB 67685
|i snkKSP 15376/2003
|0 0
|1 0
|4 0
|d 2003-12-03
|f 1
|l 0
|r 2025-04-16 00:00:00
|w 2026-02-24
|
| 952 |
|
|
|a SNK
|b SNK
|y VYP
|7 0
|p 17A0405301
|o snkSB 67685 D1
|i snkKSP 15377/2003
|8 0
|0 0
|1 0
|4 0
|d 2003-12-03
|l 0
|r 2005-01-02 00:00:00
|w 2026-02-24
|
| 952 |
|
|
|t snkTVO 94:929
|a SNKUST
|b SNKUST
|y PREZ
|7 0
|p 17A0474775
|o snkSB 67685 D2
|i snk2006/7441
|8 3
|g 28.18
|0 0
|1 0
|4 0
|d 2006-04-11
|l 0
|r 2025-04-28 00:00:00
|w 2026-02-24
|